| 000 | | | 03864nmc2a22002413x 450 |
| 001 | | | 2856a02f-7122-4c9e-a725-1bb9df0ba9ea |
| 005 | | | 20240127082210.0 |
| 100 | ## | $a | 20230921l17571759k l0rusy0189 ca |
| 101 | 0# | $a | rus |
| 102 | ## | $a | RU |
| 105 | ## | $a | y### |
| 122 | 2# | $a | d |
| 200 | 1# | $a | Дело по данным ведомства Канцелярии от строений от разных чинов прошений с выписками от разных [командиров] о служителях той Канцелярии, именные списки с аттестатами о награждении разных лиц чинами и прибавкой жалования, и об увольнении, отставке их от службы |
| | $j | 5 июня 1757 г. - 29 января 1759 г. |
| 215 | ## | $a | 85 л. |
| | $d | 36,5х26 см |
| 251 | ## | $c | Дело |
| 300 | ## | $a | Дело |
| 371 | ## | $a | Документ не является опубликованным и широко распространяемым |
| 461 | #0 | $1 | 001625a9a7e-a890-4307-a7fe-826a2289a412 |
| | $1 | 2001 |
| | $a | Гоф-интендантская контора МИДв |
| | $1 | 251 |
| | $c | Фонд |
| | $1 | 852 |
| | $j | 470 |
| 462 | #0 | $1 | 001847f1b65-a1c8-435f-ad63-a7f71cf87a8b |
| | $1 | 2001 |
| | $a | По личному составу чиновников Гоф-интендантская конторы; о выдаче пособий и пенсий |
| | $1 | 251 |
| | $c | Опись |
| | $1 | 852 |
| | $j | 4 |
| | $l | 84-518 |
| 801 | #0 | $a | RU |
| | $b | РГИА |
| | $c | 20230921 |
| | $g | RCR |
| 801 | #1 | $a | RU |
| | $b | ГлавНИВЦ |
| | $c | 20230921 |
| | $2 | rusmarc |
| 801 | #2 | $a | RU |
| | $b | ПБ им. Б.Н. Ельцина |
| | $c | 20240127 |
| | $g | RCR |
| | $2 | rusmarc |
| 850 | ## | $a | РГИА |
| 852 | ## | $a | РГИА |
| | $e | Федеральное казенное учреждение "Российский государственный исторический архив" (РГИА) |
| | $j | 34 |
| 937 | ## | $h | РГИА |
| | $d | 12406074 |
| | $a | ASBIBLIO_SCAN |
| 035 | ## | $a | RusGRCC00066378 |
| 856 | ## | $u | http://readingroom.main.prlib.ru/item.aspx?id_node=n190670641&mode=full |